000 00662nam a2200253Ia 4500
003 OSt
005 20220918170131.0
006 a|||||r|||| 00| 0
007 ta
008 220917b |||||||| |||| 00| 0 eng d
020 _a9027718210 (hbk)
024 _a26,646
037 _cTextual
040 _aARTS
_cARTS
_beng
041 _2eng
_aeng
082 _aO111,8:g, M5
100 _aRaskin Victor
_927288
245 0 _aSemantic mechanisms of humor
260 _aDordrecht
_bD Reidel
_c1985
300 _aix, 284p.
_ccm.
650 _aENGLISH LITERATURE
942 _hO111,8:g, M5
_cTEXL
_2CC
999 _c132795
_d132795